000 00653nam a2200181Ia 4500
008 151018s9999 xx 000 0 und d
082 _bRBASDV31218
_a891.463
100 _aविजया जहागीरदार
245 _aनिवडुंगाचा मोहर
250 _b1
260 _bनंदादीप प्रकाशन सोलापूर
300 _a128
600 _aविजया जहागीरदार
630 _aनिवडुंगाचा मोहर
700 _aविजया जहागीरदार
730 _aनिवडुंगाचा मोहर
942 _cBOOK
999 _c1030752
_d1030749